000 00509 a2200157 4500
005 20260413094256.0
008 260410b |||||||| |||| 00| 0 eng d
020 _a9789370988804
080 _aFM
_bRAM/K
100 _aRamakrishnan,T. D.
245 _aKorappappanu sthuthiyayirikkatte(കോരപ്പാപ്പന് സ്തുതിയായിരിക്കട്ടെ)
260 _bD C books
_aKottayam
_c2026
300 _a422p.
653 _aFiction-Novel-Malayalam Literature
942 _cBK
999 _c115286
_d115285